NLSUI OPAC header image

Need for gender neutrality in sexual offences law in India (Record no. 217549)

MARC details
000 -LEADER
fixed length control field 00580nam a2200145Ia 4500
005 - DATE AND TIME OF LATEST TRANSACTION
control field 20260209120146.0
008 - FIXED-LENGTH DATA ELEMENTS--GENERAL INFORMATION
fixed length control field 260209s9999||||xx |||||||||||||| ||und||
100 ## - MAIN ENTRY--PERSONAL NAME
Personal name Mansi Singh Tomar
245 #0 - TITLE STATEMENT
Title Need for gender neutrality in sexual offences law in India
260 ## - PUBLICATION, DISTRIBUTION, ETC.
Place of publication, distribution, etc. BangaloreBangalore
Name of publisher, distributor, etc. NLSIU, Bangalore
Date of publication, distribution, etc. 2022
300 ## - PHYSICAL DESCRIPTION
Extent 54 p. ; 25 cm.
505 ## - FORMATTED CONTENTS NOTE
Formatted contents note Gender Neutral - India Section 377 Sexual Offences Laws - India Sexual Violence - India
700 ## - ADDED ENTRY--PERSONAL NAME
Personal name Mr. Kunal Ambasta - SupervisorMr. Kunal Ambasta - Supervisor
856 ## - ELECTRONIC LOCATION AND ACCESS
Uniform Resource Identifier <a href="https://dans.nls.ac.in/handle/123456789/1151">https://dans.nls.ac.in/handle/123456789/1151</a>
Holdings
Withdrawn status Lost status Damaged status Not for loan Home library Current library Date acquired Total Checkouts Barcode Date last seen Price effective from Koha item type
        . . 09.02.2026   LLM915 09.02.2026 09.02.2026 Dissertation